00330 a2200133 4500020001800000024001800018082000800036100001900044245006200063250001000125260003500135300001000170500001600180 a9788120345539 a9788120345539 a350 aHenry,Nicholas aPublic Administration and Public Affairs.cNicholas Henry a12th. aNew DelhibPHI Learning.c2012 a482p. aPaper cover